| 000 | 01053cad a22001935a 4500 | ||
|---|---|---|---|
| 001 | L157591 | ||
| 008 | 130129e2013 xxk 000 0 eng d | ||
| 035 | _a(Sirsi) u157591 | ||
| 041 | 0 | _aeng | |
| 110 | 2 |
_aUnited Kingdom _bDepartment for Communities and Local Government _94939 |
|
| 245 | 0 | 0 |
_aWritten statement _bChange of use _bPromoting regeneration _h[electronic resource] |
| 260 | _a2013 | ||
| 520 | _aNew permitted development rights will allow offices to be converted into flats without the need for planning permission. It will require an amendment to the Town and Country Planning (General Permitted Development) Order 1995 to be made by Statutory Instrument later this year. The new rules will be in force for a temporary period of three years with a review of the possible benefits following. | ||
| 590 | _aKA | ||
| 651 | 4 | _aEngland | |
| 690 |
_aPlanning and development _96259 |
||
| 856 | 4 | 0 |
_uhttps://www.gov.uk/government/speeches/change-of-use-promoting-regeneration _zView the written statement free of charge at www.gov.uk |
| 942 | _n0 | ||
| 999 |
_c84416 _d84416 |
||